| 000 | 00879nam a22002777a 4500 | ||
|---|---|---|---|
| 003 | CHAP | ||
| 005 | 20220329134335.0 | ||
| 008 | 971013s1972 r 00010 d | ||
| 010 | _a19022 | ||
| 011 | _a19994 | ||
| 035 | _a24081 | ||
| 040 | _cCHAP | ||
| 082 |
_a634.9285 _bC4 |
||
| 110 |
_aCentro Interamericano de Fotointerpretación _921182 |
||
| 245 | _aMapificación y estudios de vegetación de la reserva nacional la Macarena | ||
| 260 |
_aBogotá : _bEl Centro, _c1972 |
||
| 300 |
_a56 p. _b: láms. ; mapas |
||
| 590 |
_aBATCH-UPD _b10 _c20130110 _lUCH01 _h2225 |
||
| 590 |
_aCONVERSION _b10 _c20130109 _lUCH01 _h1312 |
||
| 650 | 1 | 4 |
_aBosques _xColombia. _914113 |
| 650 | 1 | 4 |
_aBosques _xInventarios _xColombia. _914250 |
| 650 | 1 | 4 |
_aBosques _xMapas. _914335 |
| 901 | _aBK | ||
| 942 | _cLIBRO | ||
| 949 |
_a634.9285 C4 _bBC _cLIBRO _d33724002054149 _eLIBRO _h38148 _i24081 _mD _si |
||
| 999 |
_c19022 _d19022 |
||